Apuntes para el tema: La dinámica de la estructura agraria en Costa Rica /
সংরক্ষণ করুন:
| প্রধান লেখক: | |
|---|---|
| সংস্থা লেখক: | |
| বিন্যাস: | পাঠ্য |
| প্রকাশিত: |
San Pedro de m. de O. :
|
| বিষয়গুলি: | |
| ট্যাগগুলো: |
ট্যাগ যুক্ত করুন
কোনো ট্যাগ নেই, প্রথমজন হিসাবে ট্যাগ করুন!
|
MARC
| LEADER | 00000 a a2200000 04500 | ||
|---|---|---|---|
| 001 | 17918 | ||
| 003 | |||
| 040 | |||
| 020 | |a [sin ISBN] | ||
| 022 | |a [sin ISBN] | ||
| 090 | |a 0001 C172a | ||
| 100 | |a Camacho Monge, Daniel | ||
| 110 | |a Uiversidad de Costa Rica. Escuela de Ciencias del Hombre. Estructura Económica y Social de Costa Rica | ||
| 245 | |a Apuntes para el tema: |b La dinámica de la estructura agraria en Costa Rica / |c Daniel Camacho Monge | ||
| 260 | |a San Pedro de m. de O. : | ||
| 300 | |a 23 páginas | ||
| 650 | |a TENENCIA DE LA TIERRA | ||
| 650 | |2 Macrothesaurus de la OCDE/ARRENDATARIOS AGRICOLAS | ||
| 650 | |2 Macrothesaurus de la OCDE/ADMINISTRACION DE TIERRAS | ||
| 650 | |2 Macrothesaurus de la OCDE/ECONOMIA DE LA TIERRA | ||
| 650 | |2 Macrothesaurus de la OCDE | ||
| 999 | |c 13591 |d 13591 | ||
